| 000 | 00898nam a2200253Ia 4500 | ||
|---|---|---|---|
| 003 | OSt | ||
| 005 | 20220923222250.0 | ||
| 006 | a|||||r|||| 00| 0 | ||
| 007 | ta | ||
| 008 | 220922b |||||||| |||| 00| 0 doi d | ||
| 024 | _a204,117 | ||
| 037 | _cTextual | ||
| 040 |
_aARTS _cARTS _bdoi |
||
| 041 |
_2doi _adoi |
||
| 082 | _aO1541,3N31,DA, 152M0 | ||
| 100 |
_aजंबाल, नरसिंह देव; जेरथ, अशोक, अनु. _9166493 |
||
| 245 | 0 | _aधरती अपनी - अपनी | |
| 246 | _aDharatī apanī - apanī | ||
| 260 |
_aदिल्ली _b वाणी प्रका0 _c1980 |
||
| 300 |
_a199पृ0 _ccm. |
||
| 650 | _aडोगरी साहित्य | ||
| 942 |
_hO1541,3N31,DA, 152M0 _cTEXL _2CC |
||
| 999 |
_c354866 _d354866 |
||